[Event "Moscow ch-T 2018"]
[Site "Moscow"]
[Date "2018.09.20"]
[Round "1"]
[White "Sychev, Klementy"]
[Black "Moiseev, Alexandr A"]
[Result "1/2-1/2"]
[WhiteElo "2534"]
[BlackElo "2224"]
[Annotator "TA"]
[PlyCount "56"]
[EventDate "2018.09.20"]
[EventType "team-tourn"]
[EventCountry "RUS"]
[SourceTitle "playchess.com"]
[Source "ChessBase"]
[SourceQuality "1"]

{[%evp 13,56,36,35,30,32,31,33,8,4,10,4,6,8,2,12,0,8,6,48,22,17,8,10,0,18,0,18,6,4,0,12,0,0,0,0,0,0,0,0,0,0,-14,-6,-7,0]} 1. e4 e6 2. d4 d5 3. Nd2 dxe4 4. Nxe4 Nd7 5. Nf3 Ngf6 6. Bd3 Be7 7. c3 O-O {LiveBook: 12 Games} 8. Qe2 {C10: French with 3 Nc3: Unusual Black 3rd moves and 3...dxe4} b6 9. Bf4 (9. g4 Bb7 10. g5 Nxe4 11. Bxe4 Bxe4 12. Qxe4 c5 {½-½ (12) Bruedigam,M (2408)-Stupak,K (2558) Police 2016}) 9... Bb7 10. Rd1 {White is slightly better.} Nxe4 $146 ({Predecessor:} 10... a5 11. Ng3 Re8 12. O-O Nf8 13. Rfe1 Ng6 14. Bc1 {1-0 (29) Reca,D-Montalban,J Montevideo (Hotel Carrasco) 1922}) 11. Bxe4 Bxe4 12. Qxe4 Nf6 13. Qe2 Qd5 14. a4 Bd6 (14... Qb3 {with more complications.} 15. Bxc7 Ba3 16. Rb1 Nd5 17. Be5 Qa2) 15. Be5 Qe4 16. Qxe4 (16. Bxf6 $5 {[%cal Re2e4]} Qxe2+ 17. Kxe2 gxf6 18. g3 $11) 16... Nxe4 {The position is equal.} 17. O-O Rfd8 18. g3 h6 19. h4 f6 {[%cal Bf7f6,Bf6f5][%mdl 32]} 20. Rde1 f5 $1 21. Rd1 g5 22. hxg5 hxg5 23. Rfe1 Kf7 24. Nd2 Nxd2 25. Rxd2 Bxe5 26. Rxe5 Rd5 27. Rde2 Rxe5 28. Rxe5 Rd8 {Precision: White = 36%, Black = 57%.} 1/2-1/2

[Event "Moscow ch-T 2018"]
[Site "Moscow"]
[Date "2018.09.20"]
[Round "1"]
[White "Krylov, Mikhail"]
[Black "Zasko, Grigory"]
[Result "1-0"]
[WhiteElo "2476"]
[BlackElo "2107"]
[Annotator "TA"]
[PlyCount "89"]
[EventDate "2018.09.20"]
[EventType "team-tourn"]
[EventCountry "RUS"]
[SourceTitle "playchess.com"]
[Source "ChessBase"]
[SourceQuality "1"]

{[%evp 10,89,68,16,18,27,99,95,96,86,90,82,85,83,90,53,84,78,100,100,126,127,113,122,139,142,147,127,139,135,141,146,164,169,470,453,448,444,446,334,427,312,385,322,371,341,423,416,414,424,404,383,331,291,272,303,297,295,281,259,257,257,365,360,429,420,477,456,506,506,769,767,1076,1032,1137,1137,1248,1238,1360,1333,1197,1240]} 1. d4 Nf6 2. c4 g6 3. Nc3 Bg7 4. Bg5 c5 5. d5 d6 6. Nf3 {LiveBook: 35 Games. E61: King's Indian: Early deviations for White, including Smyslov System} ({White should play} 6. e4 $14) (6. e3 Bf5 7. Bd3 Bxd3 8. Qxd3 Nbd7 9. Nf3 h6 10. Bh4 a6 11. O-O O-O 12. a4 g5 13. Bg3 {0-1 (54) Caruana,F (2829)-Giri,A (2768) London 2014}) 6... Bf5 $11 7. Nd2 Na6 $146 (7... h6 $11 8. Bxf6 Bxf6) ({Predecessor:} 7... h6 8. Bh4 g5 9. Bg3 Bg6 10. e3 Nh5 11. Nb3 a5 12. a4 Qb6 13. Nb5 Bxb2 {0-1 (42) Gleizerov,E (2557)-Georgiev,V (2564) Turin 2000}) 8. e4 $16 {White is better.} Bg4 9. Qc1 O-O 10. h3 {aiming for Bxf6.} Bd7 11. Be2 Nc7 12. a4 Rb8 13. O-O b6 14. f4 a6 15. e5 Nfe8 16. Nf3 f6 17. Bh4 fxe5 18. fxe5 dxe5 19. Bg3 Nd6 20. Nxe5 Nf5 21. Bh2 Nd4 $2 (21... Rc8 {is more resistant.} 22. g4 Nd4) 22. Rxf8+ $18 Bxf8 23. Qf4 {Qf7+ would kill now.} Be8 24. Rf1 {[%csl Gf1][%cal Rf4f8]} Bg7 25. Nf7 Bxf7 26. Qxf7+ Kh8 27. Bg4 Ra8 28. Ne4 Ne8 29. Be5 {[%csl Gf1][%cal Rf7f8]} Nf6 30. Nxf6 exf6 31. Bc7 (31. Bxf6 Bxf6 32. Qxf6+ (32. Rxf6 Ra7 $18) 32... Qxf6 $18) 31... Qg8 32. Qxg8+ Kxg8 33. Bxb6 f5 34. Bd1 (34. Bxc5 fxg4 35. Rd1 Nb3 $15) 34... Kf7 35. a5 ({Resist} 35. Bxc5 $6 Rc8 $18) 35... Rc8 (35... Rb8 {was necessary.} 36. Re1 (36. Bxc5 Rxb2 37. g4 Nb3 $16) 36... Bf6) 36. Re1 Bf8 37. Ba4 Bd6 38. Kf1 {White is clearly winning.} f4 {[#]} 39. b4 $1 {[%cal Bb2b4,Bb4c5][%mdl 544]} Nf5 (39... cxb4 $142 40. Bxd4 Rxc4) 40. Bd7 Ng3+ 41. Kf2 Rf8 42. bxc5 Be7 43. Kf3 Bh4 44. c6 Nf5 {[#]} 45. Bxf5 $1 {[%mdl 512] Precision: White = 72%, Black = 45%.} 1-0

[Event "Moscow ch-T 2018"]
[Site "Moscow"]
[Date "2018.09.20"]
[Round "1"]
[White "Elistratov, Semen"]
[Black "Burhanov, Vassily"]
[Result "1-0"]
[WhiteElo "2400"]
[BlackElo "2024"]
[Annotator "TA"]
[PlyCount "59"]
[EventDate "2018.09.20"]
[EventType "team-tourn"]
[EventCountry "RUS"]
[SourceTitle "playchess.com"]
[Source "ChessBase"]
[SourceQuality "1"]

{[%evp 10,59,24,24,26,21,58,40,59,32,51,21,20,0,0,-13,3,0,10,-45,89,65,73,29,32,43,541,548,551,542,543,552,541,504,539,543,519,510,746,738,896,895,869,839,29992,29993,29993,29994,29994,29995,29995,29996]} 1. Nf3 e6 2. g3 f5 3. Bg2 Nf6 4. O-O Be7 5. d3 O-O 6. c4 Nc6 {A10: English Opening: Unusual Replies for Black} (6... d5 7. Qc2 Nc6 8. a3 a5 9. cxd5 exd5 10. Nc3 Kh8 11. Nb5 Bd7 12. Bf4 Rc8 13. Rab1 Nh5 14. Bd2 f4 {0-1 (36) Edouard,R (2658)-Rapport,R (2691) Caleta 2014}) 7. Nc3 Kh8 8. a3 a5 {White is slightly better.} 9. d4 d6 $146 ({Predecessor:} 9... Ne4 10. Bd2 Bf6 11. d5 Nxc3 12. Bxc3 Bxc3 13. bxc3 Nb8 14. dxe6 {1-0 (70) Grigoryan,K (2550)-Sequera Paolini,J (2394) Barcelona 2013}) 10. Bf4 Ne4 11. Nb5 Bf6 12. Rc1 g5 13. Be3 $36 {[%mdl 2048] White is more active.} Ne7 14. d5 ({White should play} 14. Nd2 $11) 14... g4 (14... c6 $1 $15 {keeps the upper hand.} 15. dxc6 bxc6) 15. Nfd4 e5 16. Ne6 (16. Nb3 {looks sharper.} Bd7 17. Bxe4 fxe4 18. Nc3 Nf5 19. Nxe4 a4 20. Nbd2) 16... Bxe6 $1 17. dxe6 Bg5 $2 {[%mdl 8192] [#]} (17... Ng5 $14) 18. Bxe4 $1 $18 Bxe3 19. fxe3 fxe4 20. Rxf8+ Qxf8 21. Nxc7 Rd8 22. Qd2 Qh6 23. Rf1 Nc8 24. Rf7 Rg8 25. c5 dxc5 26. Qc3 Rd8 27. Qxe5+ {White mates.} Kg8 28. Nd5 Rxd5 29. Qxd5 Qxe3+ 30. Kf1 {Precision: White = 49%, Black = 35%.} 1-0

[Event "Moscow ch-T 2018"]
[Site "Moscow"]
[Date "2018.09.20"]
[Round "1"]
[White "Savenkov, Konstantin"]
[Black "Galaktionov, Artem"]
[Result "1-0"]
[WhiteElo "2375"]
[BlackElo "2250"]
[Annotator "TA"]
[PlyCount "177"]
[EventDate "2018.09.20"]
[EventType "team-tourn"]
[EventCountry "RUS"]
[SourceTitle "playchess.com"]
[Source "ChessBase"]
[SourceQuality "1"]

{[%evp 15,177,3,3,3,3,3,0,0,22,21,32,4,35,14,56,22,33,11,23,10,9,10,23,18,12,23,22,21,79,88,86,96,173,145,212,200,358,319,332,321,305,314,305,314,308,300,306,286,308,309,300,295,300,304,299,288,289,292,266,273,372,371,371,364,406,396,416,410,408,392,399,393,468,446,522,520,515,516,509,500,562,515,29962,29960,29956,29961,29960,29960,29958,29960,29957,29956,29958,29958,29937,6119,1506,713,1790,1790,1797,1776,1772,1765,1741,1735,1735,1735,1450,1259,1579,1472,1760,1756,1689,1609,1307,1310,2164,1653,29963,29968,29965,29970,29977,29978,29980,29981,29981,29982,29982,29977,29977,29978,29978,29979,29979,29980,29980,29981,29981,29982,29982,29983,29983,29984,29984,29985,29985,29986,29986,29987,29988,29989,29989,29989,29991,29991,29990,29991,29991,29992,29992,29993]} 1. Nf3 Nf6 2. g3 g6 3. Bg2 Bg7 4. O-O O-O 5. d4 c6 6. Re1 d5 7. Nbd2 Bf5 8. c3 Nbd7 9. Nh4 {D02: 1 d4 d5 2 Nf3 sidelines, including 2...Nf6 3 g3 and 2...Nf6 3 Bf4} Be6 10. e4 dxe4 11. Nxe4 {The position is equal.} Bd5 12. Nxf6+ Bxf6 13. Nf3 {[%cal Bh4f3,Bf3d2,Bd2e4,Be4g5][%mdl 32] [#]} c5 $146 ({Predecessor:} 13... Re8 14. Bf4 Bg7 15. Qc2 e6 16. Rad1 Qb6 {½-½ (49) Balogh,C (2660)-Ruck,R (2568) Bastia 2014}) 14. Be3 c4 15. Bf4 e6 16. Qe2 b5 17. Nd2 Bxg2 18. Kxg2 Bg5 19. Qe3 Bxf4 20. Qxf4 Nf6 21. Ne4 Nd5 (21... Nxe4 $11 22. Rxe4 (22. Qxe4 Qb6 $11) 22... Rb8) 22. Qh6 $1 $16 {Threatens to win with Ng5.} Nf6 23. Ng5 {Re4! is the strong threat.} Qd5+ (23... Qe7 $16 {keeps fighting.}) 24. Kg1 Rfe8 {[#]} (24... b4 $16 {was called for.}) 25. Re4 $1 $18 {[%mdl 512]} e5 $2 (25... Qd6 {was necessary.}) (25... Nxe4 26. Qxh7+) 26. Rh4 exd4 27. Nxh7 Nxh7 28. Qxh7+ ({Weaker is} 28. cxd4 Re2 $14) 28... Kf8 29. Qh6+ ({Resist} 29. Rxd4 Qe5 $16) ({Less strong is} 29. cxd4 Re2 $14) 29... Ke7 30. Rxd4 Qe5 31. Rad1 Rad8 32. Rxd8 Rxd8 33. Rxd8 {aiming for Qf8+.} Qe1+ 34. Kg2 Qe4+ 35. Kh3 Qe6+ 36. g4 Kxd8 {[%mdl 4096] Endgame KQ-KQ} 37. Qg5+ Kc7 38. Qc5+ Kd8 39. Qxb5 a6 40. Qc5 f5 41. gxf5 gxf5 {intending ...Qh6+.} 42. Kg3 Qg6+ 43. Kf4 Qg4+ {[#]} 44. Ke5 $1 Qe4+ 45. Kf6 Qh4+ 46. Ke6 {Hoping for Qd6+.} Qh6+ 47. Kd5 Qd2+ 48. Qd4 Qxb2 (48... Qh6 $18 49. h4 Kd7 50. Kxc4+ Kc7 51. Qc5+ Kd8 52. Qd4+ Kc8) 49. Ke6+ Kc7 50. Qxc4+ Kd8 51. Qd3+ Kc7 52. Qd6+ Kc8 53. Qxa6+ Kc7 54. Qc4+ Kd8 55. Qd4+ Kc8 56. Kxf5 Qxa2 57. h4 Qf7+ 58. Kg4 Qg6+ 59. Kf4 Qf7+ 60. Kg3 Kb7 61. c4 Qg6+ 62. Kf3 Qf5+ 63. Ke3 Qh3+ 64. f3 Qh1 65. Qd5+ Kc7 66. h5 Qe1+ 67. Kd4 {Qe5+ would kill now.} Qh4+ 68. Qe4 {White mates.} Qf2+ 69. Ke5 Qc5+ 70. Ke6 Qf8 71. Qe5+ Kc8 72. Qf5 Qh6+ 73. Kd5+ Kd8 74. f4 Qb6 75. Qf8+ Kd7 76. Qf7+ Kd8 77. Ke5 Qe3+ 78. Kf5 Qd3+ 79. Kf6 Qd4+ 80. Kg6 Qe4+ 81. f5 {[%cal Bf4f5,Bf5f6,Bf6f7][%mdl 32]} Qg4+ 82. Kh7 Qf4 83. h6 {[%cal Bh5h6,Bh6h7][%mdl 32]} Qe3 84. f6 Qe4+ 85. Kh8 Qf4 86. h7 Qh4 87. Kg8 Qg4+ 88. Qg7 Qxc4+ 89. f7 {Precision: White = 73%, Black = 43%.} 1-0

[Event "Moscow ch-T 2018"]
[Site "Moscow"]
[Date "2018.09.20"]
[Round "1"]
[White "Pogosyan, Stefan"]
[Black "Matyunin, Maxim"]
[Result "1-0"]
[WhiteElo "2373"]
[BlackElo "2235"]
[Annotator "TA"]
[PlyCount "85"]
[EventDate "2018.09.20"]
[EventType "team-tourn"]
[EventCountry "RUS"]
[SourceTitle "playchess.com"]
[Source "ChessBase"]
[SourceQuality "1"]

{[%evp 24,85,0,0,24,6,1,8,31,24,29,25,48,48,63,64,106,110,109,114,166,153,230,230,230,230,230,230,330,368,422,377,400,395,503,493,593,585,563,553,586,539,540,522,592,576,601,594,570,542,614,585,722,716,1108,1108,1562,1461,2136,1885,12816,6199,1702,1718]} 1. d4 e6 2. c4 d5 3. Nc3 Be7 4. Nf3 Nf6 5. Bg5 O-O 6. e3 h6 7. Bh4 b6 8. Be2 dxc4 9. Bxc4 Bb7 10. O-O Nbd7 11. Qe2 Ne4 12. Bg3 Nxg3 13. hxg3 {[#] LiveBook: 29 Games. D58: Queen's Gambit Declined: Tartakower Defence} Bd6 $146 ({Predecessor:} 13... c5 14. Rfd1 Bxf3 15. gxf3 cxd4 16. exd4 Nf6 17. d5 exd5 18. Bxd5 Nxd5 19. Nxd5 Re8 20. f4 Bf8 21. Qf3 Rc8 22. Rd2 {1-0 (35) Navara,D (2718)-Hracek,Z (2632) Ostrava 2010}) 14. Ba6 Bxa6 15. Qxa6 {The position is equal.} c5 16. d5 exd5 17. Nxd5 Ne5 {Threatening ...Nxf3+.} 18. Rad1 Kh8 19. Rd2 Nxf3+ 20. gxf3 Qd7 21. Rfd1 Rad8 (21... Qc6 $16) 22. f4 $18 Bb8 {[#]} (22... f5 $16 23. b3 Kh7) 23. Nxb6 $1 Qxd2 24. Rxd2 Rxd2 25. Nc4 Rc2 (25... Rd7 $142 26. Kg2 Rd5) 26. a4 Rd8 27. b3 Rc3 28. Qb7 Rcd3 29. Qxf7 {White is clearly winning.} Rxb3 30. f5 Rg8 31. f6 Rb4 32. a5 gxf6 33. Qxf6+ Kh7 34. Qf5+ Rg6 35. Qxc5 Rb7 36. e4 {[%cal Be3e4,Be4e5,Be5e6,Be6e7][%mdl 32]} Rf7 {intending ...Bxg3.} 37. e5 h5 38. Qd5 Rfg7 39. Ne3 Rg5 40. Qe4+ Kh8 41. Nf5 Rf7 42. e6 Rfxf5 43. e7 {Precision: White = 86%, Black = 17%.} 1-0

[Event "Moscow ch-T 2018"]
[Site "Moscow"]
[Date "2018.09.20"]
[Round "1"]
[White "Borisova, Ekaterina"]
[Black "Krylov, Ivan"]
[Result "1/2-1/2"]
[WhiteElo "2256"]
[BlackElo "2411"]
[Annotator "TA"]
[PlyCount "117"]
[EventDate "2018.09.20"]
[EventType "team-tourn"]
[EventCountry "RUS"]
[SourceTitle "playchess.com"]
[Source "ChessBase"]
[SourceQuality "1"]

{[%evp 14,117,31,-19,64,49,62,65,66,58,50,52,59,45,53,53,75,73,87,87,97,103,113,117,162,170,277,279,268,266,300,223,231,151,143,144,128,0,0,-20,-20,-76,-59,-72,-41,-60,0,0,0,0,0,0,0,-173,-149,-195,-197,-182,-179,-194,-195,-253,-253,-247,-238,-241,-185,-179,-81,-89,0,0,0,0,0,0,0,0,0,0,0,0,0,0,43,0,0,0,0,0,0,0,0,0,0,0,47,0,68,0,0,0,0,0,0,0]} 1. d4 Nf6 2. Nf3 c5 3. c4 cxd4 4. Nxd4 e5 5. Nb5 d5 6. cxd5 Bc5 7. e3 O-O 8. Be2 {LiveBook: 29 Games} Nbd7 {A31: Symmetrical English: 2 Nf3 Nf6 3 d4} (8... Nxd5 $11 9. O-O Nc6) (8... Nxd5 9. O-O Nc6 10. a3 Be6 11. b4 Bb6 12. N1c3 Nxc3 13. Nxc3 f6 14. Qxd8 Rfxd8 15. Na4 Ne7 16. Rd1 Bb3 17. Rxd8+ Rxd8 18. Nxb6 axb6 19. Kf1 Rc8 {0-1 (56) Kurajica,B (2555)-Vuckovic,B (2572) Banja Vrucica 2009}) 9. a3 a6 10. N5c3 $146 ({Predecessor:} 10. b4 axb5 11. bxc5 Nxc5 12. Bb2 Qxd5 13. Qxd5 Nxd5 14. Nc3 Be6 15. Bxb5 Ra5 16. Be2 {½-½ (24) Firstov,J (2261)-Fitzsimons,D (2294) Dublin 2012}) 10... e4 {White is slightly better.} 11. Nd2 Re8 12. Qc2 {[%cal Rd2e4]} Qe7 13. b4 Ba7 14. O-O $36 {[%mdl 2048] Black is under pressure.} Nb6 15. d6 Qxd6 16. Ndxe4 Nxe4 17. Nxe4 Qe5 {[#] ...Bf5 is the strong threat.} 18. Bd3 $1 Bb8 {[%csl Gb8][%cal Re5h2]} (18... Qxa1 $6 19. Bb2 $14) 19. Ng3 Qxa1 (19... h6 {was called for.} 20. Bb2 Qe7) 20. Bb2 $18 Qxf1+ 21. Kxf1 h6 22. Bh7+ Kh8 23. Nh5 {[%csl Gh5][%cal Rb2g7]} Be5 24. f4 Nc4 25. Bc1 (25. Qxc4 $16 Bxb2 26. Bb1 (26. Qxf7 Be6 $11)) 25... Bg4 $11 26. fxe5 ({Don't blunder} 26. Qxc4 $2 Rec8 $19) 26... Bxh5 27. Bf5 (27. Qxc4 $11 Kxh7 28. Bb2) 27... Nxe5 28. Bb2 Rad8 29. h3 b5 (29... Bg6 $15 30. Bxg6 fxg6) 30. Bxe5 Rxe5 31. g4 Bg6 $1 {[%cal Rg6f5]} 32. Bxg6 fxg6 {[%mdl 4096] Endgame KQ-KRR} 33. Kf2 $2 (33. Qxg6 $11 {and White has nothing to worry.} Rxe3 34. Qxa6) 33... Rd6 34. Qc8+ Kh7 35. Qc3 Rf6+ 36. Ke2 Re4 37. Qd3 {[#]} (37. Qd2 $142) 37... Rc4 $1 $19 38. Qd2 Rfc6 {Strongly threatening ...Rc2.} 39. Qd5 Rc3 40. h4 R6c4 (40... Rc2+ $19 41. Kd1 Rc1+ 42. Ke2 R6c2+ 43. Kf3 Rf1+ 44. Kg3 Rg1+ 45. Kf3 Rgg2) 41. Kf3 $17 Rxa3 ({Better is} 41... Rc8 $17 {Hoping for ...Re8.} 42. Qe4 R8c4) 42. h5 $1 $11 {[%cal Rh5g6]} gxh5 43. Qf5+ Kg8 44. Qe6+ Kf8 45. Qd6+ Ke8 46. Qe6+ Kd8 47. Qg8+ Kc7 48. Qxg7+ Kb6 49. Qf6+ {[%mdl 1024] White has compensation.} Rc6 50. Qd8+ Kb7 51. Qd7+ Rc7 52. Qd5+ Kc8 53. Qa8+ Kd7 54. Qd5+ Ke7 55. Qe5+ Kd8 ({Black should try} 55... Kd7 $1 $11) 56. Qh8+ (56. gxh5 $14 Rc6 57. Qb8+ Kd7 58. Qb7+ Rc7 59. Qd5+ Kc8 60. Qd6) 56... Kd7 {The position is equal.} 57. Qh7+ Kc8 58. Qg8+ Kb7 59. Ke4 {Precision: White = 63%, Black = 52%.} 1/2-1/2

[Event "Moscow ch-T 2018"]
[Site "Moscow"]
[Date "2018.09.20"]
[Round "1"]
[White "Komissarov, Alexey"]
[Black "Kulagin, Maxim"]
[Result "0-1"]
[WhiteElo "2203"]
[BlackElo "2274"]
[Annotator "TA"]
[PlyCount "99"]
[EventDate "2018.09.20"]
[EventType "team-tourn"]
[EventCountry "RUS"]
[SourceTitle "playchess.com"]
[Source "ChessBase"]
[SourceQuality "1"]

{[%evp 9,99,33,37,9,10,0,7,0,2,0,8,-9,3,0,0,-2,28,0,0,0,18,18,8,8,9,21,11,16,13,6,6,14,27,0,0,0,0,0,0,0,0,0,0,0,0,0,0,0,0,0,0,0,0,-39,-35,-34,-53,-56,-60,-777,-744,-581,-99,-57,-80,-106,0,-56,-44,-56,-59,-64,-66,-375,-80,-80,-80,-80,-43,-238,-45,-479,-427,-431,-305,-12841,-12835,-12839,-12840,-12842,-12841,-12845]} 1. d4 e6 2. Nf3 d5 3. e3 f5 4. c4 c6 5. b3 (5. Bd3 Nf6 6. O-O Bd6 7. b3 Qe7 8. Bb2 O-O 9. Ne5 Bd7 10. Nd2 Be8 11. f3 Bh5 12. Qe1 Nbd7 13. Kh1 Rad8 14. Nxd7 Nxd7 15. e4 dxe4 16. fxe4 f4 {1-0 (43) Bu,X (2710)-Wei,Y (2734) Zaozhuang 2015}) 5... Bb4+ 6. Nfd2 $146 {A84: Dutch Defence: 2 c4 Miscellaneous} ({Predecessor:} 6. Nbd2 Nf6 7. Bd3 Nbd7 8. O-O O-O 9. Bb2 Ne4 10. a3 Bd6 11. b4 Ndf6 12. cxd5 cxd5 {1-0 (62) Michalik,P (2508)-Banas,K (2228) Slovakia 2013}) 6... Qe7 7. Be2 Nf6 {[%cal Bg8f6,Bf6e4,Be4d2][%mdl 32]} 8. O-O {The position is equal.} O-O 9. Bb2 b6 10. Qc1 Ne4 11. f3 Nxd2 12. Nxd2 Ba6 13. e4 Nd7 14. e5 c5 15. a3 Bxd2 16. Qxd2 dxc4 17. d5 exd5 $1 (17... c3 $6 18. Bxc3 Bxe2 19. d6 $16) 18. Qxd5+ Kh8 19. Bxc4 Bxc4 20. bxc4 Rad8 21. f4 Nb8 22. Qf3 Qe6 23. Rac1 Nc6 24. Rfd1 Na5 25. Rxd8 Rxd8 26. Rd1 $1 {[%cal Rd1d8]} Rxd1+ 27. Qxd1 {[#] Strongly threatening Qd8+.} Kg8 ({Wrong is} 27... Nxc4 $2 28. Qd8+ Qg8 29. Qd7 $18) 28. g4 fxg4 29. f5 ({But not} 29. Qd5 Kf7 $17) 29... Qxf5 30. Qd5+ Kf8 31. Qa8+ Kf7 {White must now prevent ...Qb1+.} 32. Qxa7+ Kg6 33. Qxb6+ Kh5 {Hoping for ...Qb1+.} 34. Bc3 $2 {[%mdl 8192]} (34. Qxa5 $15 Qb1+ 35. Kg2 Qxb2+ 36. Kg1) 34... Nxc4 $19 35. Qb5 Ne3 $2 (35... Qe4 $19 {( -> ...Qe3+)} 36. Qe8+ g6) 36. Qe2 $17 Nd5 37. Bd2 c4 (37... Qb1+ $17 38. Qf1 Qxf1+ 39. Kxf1 Kg6) 38. e6 (38. Qxc4 $11 Qxe5 39. a4) 38... c3 $15 39. e7 Nxe7 $1 40. Bxc3 Qc5+ 41. Kg2 $2 {[%mdl 8192] [#]} (41. Kf1 $15) 41... Nf5 $2 ({Less strong is} 41... Qxc3 42. Qxe7 Qb2+ 43. Kg1 $17) (41... Ng6 $1 $19 {[%cal Rg6f4] has better winning chances. Threatens to win with ...Nf4+.} 42. Bd2 Nh4+ 43. Kf1 Qf5+ 44. Qf2 Qd3+ 45. Qe2 Qf5+ 46. Qf2 Qd3+ 47. Qe2 Qf5+) 42. Qe5 $17 Qc6+ 43. Kg1 g6 {aiming for ...Qb6+.} 44. Bd2 $2 (44. Be1 $15) 44... h6 $2 ({Black should play} 44... Qb6+ $19 45. Kf1 Qa6+ 46. Kg1 Qxa3) 45. Qf4 $2 {[%mdl 8192]} ({White should try} 45. Qa5 $15) 45... Qc5+ $19 46. Kg2 Qxa3 47. Bc1 $2 (47. Be1) 47... Qh3+ {Black is clearly winning.} 48. Kf2 Qd3 49. Kg1 g5 50. Qc7 {Precision: White = 34%, Black = 56%.} 0-1

[Event "Moscow ch-T 2018"]
[Site "Moscow"]
[Date "2018.09.20"]
[Round "1"]
[White "Zhukov, Anton"]
[Black "Voronkov, Denis"]
[Result "0-1"]
[WhiteElo "2161"]
[BlackElo "2180"]
[Annotator "TA"]
[PlyCount "96"]
[EventDate "2018.09.20"]
[EventType "team-tourn"]
[EventCountry "RUS"]
[SourceTitle "playchess.com"]
[Source "ChessBase"]
[SourceQuality "1"]

{[%evp 32,96,86,41,85,62,113,29,79,58,71,16,13,9,20,0,0,0,0,-16,20,25,33,0,33,32,33,27,34,33,91,97,127,0,96,77,82,0,4,18,20,0,0,-29,-25,-13,187,-150,-121,-616,-598,-649,-674,-652,-627,-943,-917,-923,-884,-757,-752,-29986,-29987,-29987,-29988,-29988,-29989]} 1. d4 e6 2. c4 Nf6 3. g3 c5 4. d5 exd5 5. cxd5 d6 6. Nc3 g6 7. Bg2 Bg7 8. Nf3 O-O 9. O-O a6 10. a4 Re8 11. Nd2 Nbd7 12. h3 b6 {A64: Modern Benoni: Fianchetto Variation: 9...Nbd7 10 Nd2 a6 11 a4 Re8} (12... Rb8 13. Nc4 Ne5 14. Na3 Nh5 15. e4 Bd7 16. g4 Nf6 17. g5 Nh5 18. f4 b5 19. fxe5 b4 20. Nc4 bxc3 21. bxc3 Bxe5 22. Qf3 f5 23. gxf6 Qxf6 24. Nxe5 Qxe5 {0-1 (60) So,W (2812)-Nakamura,H (2785) Stavanger 2017}) 13. e4 Rb8 14. Nc4 Ne5 15. Na3 Qc7 16. f4 Ned7 17. Qd3 {[#] LiveBook: 3 Games} h6 $146 ({Predecessor:} 17... h5 18. Bd2 Nh7 19. Rae1 b5 20. axb5 axb5 21. Naxb5 {0-1 (36) Stupak,K (2526)-Naiditsch,A (2708) Warsaw 2012}) 18. Be3 Nf8 (18... b5 $14 19. axb5 axb5) 19. Bf2 (19. Rfe1 $16) 19... Nh5 20. Rfe1 g5 21. Bf3 (21. Qd1 $16 Nf6 22. Nc4) 21... Nf6 $11 22. f5 N8d7 23. Qd2 ({Much weaker is} 23. Nc4 b5 $17) 23... Ne5 24. Be2 Bd7 25. Kg2 c4 26. Nc2 b5 {White must now prevent ...b4.} 27. axb5 (27. Nb4 $5 {[%cal Rb4a6]} Qb7 28. a5 $11) 27... axb5 {Strongly threatening ...b4.} 28. Ra7 Rb7 29. Rea1 Reb8 30. Nb4 Qc8 (30... Rxa7 $14 31. Rxa7 Qd8) 31. R7a6 Qc7 32. Ra7 ({Better is} 32. Be3 $16) 32... Qd8 (32... Qc8 $11 {keeps the balance.}) 33. Rxb7 Rxb7 34. h4 ({White should try} 34. Qd1 $16) 34... gxh4 35. gxh4 Kh7 36. Qf4 Rb8 37. Kh3 Ra8 38. Rg1 Qa5 $2 {[#]} (38... Qe7 $11 {and Black is okay.}) 39. Nc2 $2 ({Weaker is} 39. Qg3 Rg8 $17) (39. Be3 $1 $18 Nfg4 40. Nc6 (40. Bxg4 Qxb4 41. Nd1 Qb3 $11) (40. Rxg4 Nxg4 41. Nc6 Bxc6 $15) 40... Bxc6 41. dxc6 (41. Bxg4 Bd7 $14) 41... Nxe3 42. f6) 39... b4 $17 40. Qg3 $2 {[%mdl 8192]} (40. Nd1 $17) 40... Rg8 $19 41. Ra1 {[#]} Qxa1 $1 {[%mdl 512]} 42. Nxa1 {aiming for Nd1.} bxc3 43. bxc3 Nxe4 44. Qf4 Nxc3 45. Bf1 Nxd5 46. Qd2 Bxf5+ {Black mates.} 47. Kg2 Be4+ 48. Kh3 Nf3 {Precision: White = 26%, Black = 51%.} 0-1